| 000 | 00440nam a22001697a 4500 | ||
|---|---|---|---|
| 005 | 20160614154917.0 | ||
| 008 | 160614b xxu||||| |||| 00| 0 eng d | ||
| 020 | _a81-7014658-5 | ||
| 041 | _aeng | ||
| 082 | _b7567 | ||
| 100 |
_aSharma, Dr. D.D. _91925 |
||
| 245 | _aMarketing research, Principles applications and cases | ||
| 260 |
_aNew Delhi _bSultan Chand & Sons, _c2004 |
||
| 300 | _a532 | ||
| 650 |
_aManagement _9241 |
||
| 942 | _cBK | ||
| 999 |
_c2704 _d2703 |
||